Have More Profitable Banks a More or a Less Risky Lending Policy? Empirical Evidence from CEE Countries
Ziskovosť a úverové riziko. Krátkodobý a dlhodobý vzťah medzi úverovým rizikom a dvomi ukazovateľmi ziskovosti ROA a ROE v období 2000-2010 v 16 krajinách strednej a východnej Európy (Albánsko, Bosna a Hercegovina, Bulharsko, Maďarsko, Chorvátsko, Česko, Estónsko, Lotyšsko, Litva, Macedónsko, Čierna...
Saved in:
| Main Author: | |
|---|---|
| Format: | Book Chapter |
| Language: | English |
| Subjects: | |
| Tags: |
No Tags, Be the first to tag this record!
|
MARC
| LEADER | 00000naa a2200000 4500 | ||
|---|---|---|---|
| 001 | 0248936 | ||
| 005 | 20181122121647.6 | ||
| 041 | 0 | |a eng | |
| 044 | |a CZ | ||
| 245 | 1 | 0 | |a Have More Profitable Banks a More or a Less Risky Lending Policy? Empirical Evidence from CEE Countries |c Blanka Škrabic Peric |
| 520 | |a Ziskovosť a úverové riziko. Krátkodobý a dlhodobý vzťah medzi úverovým rizikom a dvomi ukazovateľmi ziskovosti ROA a ROE v období 2000-2010 v 16 krajinách strednej a východnej Európy (Albánsko, Bosna a Hercegovina, Bulharsko, Maďarsko, Chorvátsko, Česko, Estónsko, Lotyšsko, Litva, Macedónsko, Čierna Hora, Poľsko, Rumunsko, Srbsko, Slovensko a Slovinsko). Modernizácia modelu úverového rizika - zahrnutie skorších hodnôt ziskovosti. | ||
| 610 | 2 | 0 | |a bankovníctvo |
| 610 | 2 | 0 | |a banky |
| 610 | 2 | 0 | |a banky obchodné |
| 610 | 2 | 0 | |a banky zahraničné |
| 610 | 2 | 0 | |a zisk |
| 610 | 2 | 0 | |a efektívnosť ekonomická |
| 610 | 2 | 0 | |a pôžičky |
| 610 | 2 | 0 | |a úver |
| 610 | 2 | 0 | |a riziko |
| 610 | 2 | 0 | |a riziko úverové |
| 610 | 2 | 0 | |a financie podnikové |
| 610 | 2 | 0 | |a stredná Európa |
| 610 | 2 | 0 | |a východná Európa |
| 610 | 2 | 0 | |a krajiny tranzitívne |
| 100 | 1 | |a Škrabić Perić, Blanka | |